Colombia : Financial System Stability Assessment.

The pandemic led to Colombia's largest recession on record, but the economy bounced back strongly in 2021. The banking system has so far weathered the shock well, with the help of a strong policy and support response and strong initial position. Colombia is exposed to elevated external financin...

Full description

Bibliographic Details
Corporate Author: International Monetary Fund. Monetary and Capital Markets Department
Format: Journal
Language:English
Published: Washington, D.C. : International Monetary Fund, 2022.
Series:IMF Staff Country Reports; Country Report ;No. 2022/098
Subjects:
Online Access:Full text available on IMF
LEADER 01851cas a2200289 a 4500
001 AALejournalIMF022613
008 230101c9999 xx r poo 0 0eng d
020 |c 5.00 USD 
020 |z 9798400206634 
022 |a 1934-7685 
040 |a BD-DhAAL  |c BD-DhAAL 
110 2 |a International Monetary Fund.  |b Monetary and Capital Markets Department. 
245 1 0 |a Colombia :   |b Financial System Stability Assessment. 
264 1 |a Washington, D.C. :  |b International Monetary Fund,  |c 2022. 
300 |a 1 online resource (55 pages) 
490 1 |a IMF Staff Country Reports 
500 |a <strong>Off-Campus Access:</strong> No User ID or Password Required 
500 |a <strong>On-Campus Access:</strong> No User ID or Password Required 
506 |a Electronic access restricted to authorized BRAC University faculty, staff and students 
520 3 |a The pandemic led to Colombia's largest recession on record, but the economy bounced back strongly in 2021. The banking system has so far weathered the shock well, with the help of a strong policy and support response and strong initial position. Colombia is exposed to elevated external financing risks and the further prolongation of the pandemic. Large and complex financial conglomerates with increasing cross-border exposures dominate the financial system. The consumer-credit portfolio deserves attention as it has been growing fast and had high impairment rate during the pandemic. 
538 |a Mode of access: Internet 
650 7 |a International Agreements and Observance  |2 imf 
650 7 |a International Organizations  |2 imf 
650 7 |a Monetary Policy  |2 imf 
651 7 |a Colombia  |2 imf 
830 0 |a IMF Staff Country Reports; Country Report   |v ;No. 2022/098 
856 4 0 |z Full text available on IMF  |u https://elibrary.imf.org/openurl?genre=journal&issn=1934-7685&volume=2022&issue=098  |z IMF e-Library